000 00596nam a2200241Ia 4500
003 OSt
005 20250808164052.0
008 210210b2012 xxu||||| |||| 00| 0 eng d
020 _a9788127223347
040 _cAL
041 _aeng
082 _a650 JOSB
100 _aJoshi Rosy
_9234759
245 _aBusiness environment
260 _aLudhiana
_bKalyani Publishers
_c2012
300 _axiv,446p
650 _aenvironment
_9234760
650 _aBusiness
_9234761
690 _aBusiness Environment
_9234762
700 _aKapoor, Sangam
_9234763
906 _a070716
942 _2ddc
_cBK
999 _c120099
_d120099